Návrh ustavovacieho prípravku na kalibráciu tlakomerov

Uložené v:
Podrobná bibliografia
Hlavný autor: Hlúšek, Matúš (Autor)
Ďalší autori: Moravčíková, Jana (Vedúci práce)
Médium: Rukopis Kniha
Jazyk:Slovak
Vydavateľské údaje: 2025
Predmet:
On-line prístup:http://is.stuba.sk/zp/portal_zp.pl?podrobnosti=179714
Tagy: Pridať tag
Žiadne tagy, Buďte prvý, kto otaguje tento záznam!

MARC

LEADER 00000ntm a22000003a 4500
001 stuzp103656
003 SK-STU
005 20250628210715.8
007 ta
008 150427s2015----xo-----f-mn---000-0-slo-d
040 |a STU  |b slo 
041 0 |a slo 
100 1 |a Hlúšek, Matúš  |u 063000  |4 aut  |U MTF Materiálovotechnologická fakulta  |T MTF Ústav výrobných technológií  |X 123353  |U M3000  |Y 83  |7 123353 
242 0 1 |a Design of a setting device for calibrating pressure gauges  |y eng 
245 1 0 |a Návrh ustavovacieho prípravku na kalibráciu tlakomerov 
260 |c 2025 
650 4 |a Ustavovací prípravok  |2 slo 
650 4 |a Tlakomer  |2 slo 
650 4 |a CAD softvér  |2 slo 
650 4 |a Kalibrácia  |2 slo 
650 4 |a Calibration  |2 eng 
650 4 |a CAD software  |2 eng 
650 4 |a Pressure gauge  |2 eng 
650 4 |a Setting fixture  |2 eng 
700 1 |a Moravčíková, Jana  |u 063200  |k Z1  |4 ths  |U MTF Ústav výrobných technológií  |T MTF Katedra obrábania a počítačovej podpory technológií  |X 1526  |U M3200  |Y 164  |7 A000001526 
856 4 |u http://is.stuba.sk/zp/portal_zp.pl?podrobnosti=179714 
996 |c M* BP-9926  |l MMSKP  |s P  |a 0  |w stuzp103656_0001